[Event "Heusenstamm Sparkassen op U14 6th"]
[Site "Heusenstamm"]
[Date "2019.11.23"]
[Round "4"]
[White "Gaertner, Anna"]
[Black "Culha, Merve"]
[Result "1-0"]
[WhiteElo "779"]
[BlackElo "874"]
[PlyCount "59"]
[EventDate "2019.11.21"]
[EventType "swiss"]
[EventRounds "7"]
[EventCountry "GER"]
[SourceTitle "CBM 194 Extra"]
[Source "ChessBase"]
[SourceDate "2020.03.31"]
[SourceVersion "1"]
[SourceVersionDate "2020.03.31"]
[SourceQuality "1"]

1. d4 d5 2. c4 Nc6 3. Nc3 e5 4. e3 Nf6 5. Bd2 g6 6. Nf3 Qd6 7. dxe5 Nxe5 8. Nxe5 Qxe5 9. Bd3 d4 10. Ne2 dxe3 11. fxe3 Qxb2 12. 0-0 Qe5 13. Bc3 Qxe3+ 14. Kh1 Bg7 15. Bxf6 Bxf6 16. Rxf6 Be6 17. Rb1 Qc5 18. Rxb7 Qc6 19. Rb5 Ke7 20. Rf4 g5 21. Rf3 Rad8 22. Qc2 Bg4 23. Re3+ Kf6 24. Be4 Qd7 25. Qc3+ Ke7 26. Rd5 Qc8 27. h3 Bh5 28. g4 Bg6 29. Bxg6+ Kf8 30. Qxh8# 1-0

[Event "Heusenstamm Sparkassen op U14 5th"]
[Site "Heusenstamm"]
[Date "2018.11.25"]
[Round "6"]
[White "Culha, Merve"]
[Black "Von Knorre, Christoph"]
[Result "1-0"]
[WhiteElo "812"]
[BlackElo "970"]
[PlyCount "65"]
[EventDate "2018.11.23"]
[EventType "swiss"]
[EventRounds "7"]
[EventCountry "GER"]
[SourceTitle "CBM 188 Extra"]
[Source "ChessBase"]
[SourceDate "2019.02.26"]
[SourceVersion "1"]
[SourceVersionDate "2019.02.26"]
[SourceQuality "1"]

1. e4 e5 2. Nf3 Nc6 3. Bc4 Bc5 4. Nc3 Nf6 5. d3 h6 6. 0-0 d6 7. h3 Be6 8. Bxe6 fxe6 9. a3 a5 10. Qe1 d5 11. Rb1 Qd6 12. Nb5 Qd7 13. c3 d4 14. Ra1 Na7 15. Nxa7 Bxa7 16. Nxe5 Qd6 17. Bf4 Qc5 18. Ng6 Rg8 19. b4 axb4 20. cxb4 Qc2 21. Qd2 Qb3 22. Bxc7 Rc8 23. Rfb1 Qc3 24. Qxc3 dxc3 25. Be5 c2 26. Rc1 Kf7 27. Nf4 Rc3 28. Bxc3 Rd8 29. d4 Nxe4 30. Bb2 e5 31. f3 Nd2 32. Rxc2 Nb3 33. Rf1 1-0

[Event "Heusenstamm Sparkassen op U14 4th"]
[Site "Heusenstamm"]
[Date "2017.11.26"]
[Round "4"]
[White "Culha, Merve"]
[Black "Kovalenko, David"]
[Result "1-0"]
[WhiteElo "778"]
[BlackElo "951"]
[PlyCount "59"]
[EventDate "2017.11.24"]
[EventType "swiss"]
[EventRounds "5"]
[EventCountry "GER"]
[SourceTitle "EXT 2019"]
[Source "ChessBase"]
[SourceDate "2018.10.10"]
[SourceVersion "1"]
[SourceVersionDate "2018.10.10"]
[SourceQuality "1"]

1. e4 e5 2. Nf3 Nc6 3. Bc4 Nd4 4. c3 Nxf3+ 5. Qxf3 Nf6 6. d4 d6 7. 0-0 Bg4 8. Qg3 Qd7 9. h3 Bh5 10. Nd2 g6 11. Re1 b5 12. Qg5 Bg7 13. Be2 Bxe2 14. Rxe2 h6 15. Qg3 0-0 16. dxe5 dxe5 17. Qxe5 Ng4 18. Qf4 Ne5 19. Nf3 Nxf3+ 20. Qxf3 Be5 21. Rd2 Qe6 22. Rd3 Kh7 23. Qe3 g5 24. h4 Rg8 25. Bd2 gxh4 26. Rd1 a5 27. Bc1 Ra6 28. g3 Qxa2 29. Rd5 Bd6 30. Qxh6# 1-0

[Event "Heusenstamm Sparkassen op U14 4th"]
[Site "Heusenstamm"]
[Date "2017.11.24"]
[Round "1"]
[White "Pessotschinski, Lars"]
[Black "Culha, Merve"]
[Result "1-0"]
[WhiteElo "1158"]
[BlackElo "778"]
[PlyCount "43"]
[EventDate "2017.11.24"]
[EventType "swiss"]
[EventRounds "5"]
[EventCountry "GER"]
[SourceTitle "EXT 2019"]
[Source "ChessBase"]
[SourceDate "2018.10.10"]
[SourceVersion "1"]
[SourceVersionDate "2018.10.10"]
[SourceQuality "1"]

1. e4 e5 2. Nf3 Nf6 3. Nc3 Nc6 4. d4 d5 5. dxe5 Ng4 6. exd5 Ncxe5 7. Nxe5 Nxe5 8. Bf4 Qf6 9. Bxe5 Qxe5+ 10. Qe2 Bd6 11. Ne4 0-0 12. Nxd6 Qxd6 13. 0-0-0 Bd7 14. Qh5 h6 15. Re1 Qf4+ 16. Kb1 Bg4 17. Qh4 Rfe8 18. Rxe8+ Rxe8 19. f3 Re1+ 20. Qxe1 Bf5 21. Qc1 c6 22. Qxf4 1-0